|
|
|
|
| LEADER |
00965nam a2200289 a 4500 |
| 001 |
32043 |
| 003 |
BD-DhAAL |
| 005 |
20211116112059.0 |
| 008 |
170919s2006 enkb 000 0 eng |
| 999 |
|
|
|c 38279
|d 38279
|
| 010 |
|
|
|a 96168793
|
| 020 |
|
|
|a 9780141441825
|
| 040 |
|
|
|a DLC
|c DLC
|d BD-DhAAL
|
| 050 |
0 |
0 |
|a D21
|b .W44 1929
|
| 082 |
|
|
|a 909
|2 23
|
| 100 |
1 |
|
|a Wells, H. G.
|q (Herbert George),
|d 1866-1946.
|9 22071
|
| 245 |
1 |
2 |
|a A short history of the world /
|c by H.G. Wells.
|
| 260 |
|
|
|a London :
|b Penguin Books,
|c 2006
|
| 300 |
|
|
|a xxvii, 371 pages :
|b maps ;
|c 17 cm.
|
| 490 |
|
|
|a Penguin Classics
|
| 500 |
|
|
|a Includes index.
|
| 526 |
|
|
|a ARCH
|
| 541 |
|
|
|e 32043
|
| 650 |
|
0 |
|a World history.
|9 22073
|
| 650 |
|
0 |
|a Architecture
|9 42705
|
| 942 |
|
|
|2 ddc
|c BK
|
| 952 |
|
|
|0 0
|1 0
|2 ddc
|4 0
|6 909_000000000000000_WEL
|7 0
|9 61022
|a BRACUL
|b BRACUL
|c GEN
|d 2017-08-24
|e Karim International
|g 790.00
|l 15
|m 59
|o 909 WEL
|p 3010032043
|r 2025-12-28
|s 2025-12-09
|t 1
|v 790.00
|w 2017-08-24
|y BK
|